De Bolívar al Frente Sandinista /
Shranjeno v:
| Glavni avtor: | |
|---|---|
| Drugi avtorji: | |
| Format: | Texto |
| Izdano: |
Madrid:
Ediciones de la Torre
|
| Oznake: |
Označite
Brez oznak, prvi označite!
|
MARC
| LEADER | 00000 a a2200000 04500 | ||
|---|---|---|---|
| 001 | 22671 | ||
| 003 | |||
| 040 | |||
| 020 | |a 84-8277-62-7 | ||
| 090 | |a 155400 | ||
| 100 | |a Aguirre, Mariano | ||
| 245 | |a De Bolívar al Frente Sandinista / |c Mariano Aguirre | ||
| 260 | |a Madrid: |b Ediciones de la Torre | ||
| 300 | |a 203 p | ||
| 700 | |a Montes, Ana | ||
| 999 | |c 14889 |d 14889 | ||
